| 000 | 00860nam a22002057a 4500 | ||
|---|---|---|---|
| 999 |
_c13069 _d13069 |
||
| 003 | AR-CdUCM | ||
| 008 | 190411b ||||| |||| 00| 0 spa d | ||
| 040 |
_aMUNICIPALIDAD PROVINCIAL DEL CUSCO _cBIBLIOTECA MUNICIPAL DEL CUSCO |
||
| 082 |
_a060 / _bM533 / 1939 |
||
| 110 |
_aRotary international _931263 |
||
| 245 | _aMemoria de las actividades desarrolladas por el Dr. Manuel Galigarcia gobernador del distrito Nº 25 de Rotary International / | ||
| 260 |
_aHabana : _bFernandez, _c1939. |
||
| 300 |
_a245 páginas ; _c22 cm. |
||
| 505 | _aContenido: Asamblea del distrito celebrada en placetas, programa general -- Asamblea extraordinaria celebrada en victoria de las tunas -- Visita del gobernador a los clubs... | ||
| 650 |
_aRotary _931264 |
||
| 650 |
_aCuba _91821 |
||
| 650 |
_aAsambleas _917131 |
||
| 942 |
_2ddc _cLIBROS |
||
| 945 |
_adavv _d11/04/2019 |
||